Techno architecture/ (Record no. 353576)

000 -LEADER
fixed length control field 00812nam a22002657a 4500
003 - CONTROL NUMBER IDENTIFIER
control field OSt
005 - DATE AND TIME OF LATEST TRANSACTION
control field 20180116192412.0
008 - FIXED-LENGTH DATA ELEMENTS--GENERAL INFORMATION
fixed length control field 121206t2000 xxu||||| |||| 00| 0 eng d
020 ## - INTERNATIONAL STANDARD BOOK NUMBER
International Standard Book Number 0500282323
020 ## - INTERNATIONAL STANDARD BOOK NUMBER
International Standard Book Number 9780500282328
040 ## - CATALOGING SOURCE
Transcribing agency 0
082 ## - DEWEY DECIMAL CLASSIFICATION NUMBER
Classification number 724.6
100 1# - MAIN ENTRY--PERSONAL NAME
Personal name Smith, Elizabeth A. T.,
9 (RLIN) 6044
245 10 - TITLE STATEMENT
Title Techno architecture/
Statement of responsibility, etc. Elizabeth A.T. Smith.
260 ## - PUBLICATION, DISTRIBUTION, ETC.
Place of publication, distribution, etc. New York :
Name of publisher, distributor, etc. Thames & Hudson,
Date of publication, distribution, etc. 2000.
300 ## - PHYSICAL DESCRIPTION
Extent 128 p. :
Other physical details ill. (some col.) ;
Dimensions 25 cm.
490 1# - SERIES STATEMENT
Series statement 4x4 series.
490 1# - SERIES STATEMENT
Series statement Four x Four series.
650 ## - SUBJECT ADDED ENTRY--TOPICAL TERM
Topical term or geographic name entry element Architecture, Modern
9 (RLIN) 6045
650 ## - SUBJECT ADDED ENTRY--TOPICAL TERM
Topical term or geographic name entry element Architecture and technology
9 (RLIN) 6046
650 ## - SUBJECT ADDED ENTRY--TOPICAL TERM
Topical term or geographic name entry element TEN Arquitectos (Firm)
9 (RLIN) 6047
650 ## - SUBJECT ADDED ENTRY--TOPICAL TERM
Topical term or geographic name entry element Jones, Partners Architecture
9 (RLIN) 6048
942 ## - ADDED ENTRY ELEMENTS (KOHA)
Source of classification or shelving scheme
Koha item type Book
Holdings
Withdrawn status Lost status Source of classification or shelving scheme Damaged status Not for loan Permanent Location Current Location Date acquired Total Checkouts Full call number Barcode Date last seen Cost, replacement price Price effective from Koha item type
          School of Art Design and Architecture (SADA) School of Art Design and Architecture (SADA) 11/20/2012   724.6 SMI 2000 SADA0001898 12/06/2012 2016.00 12/06/2012 Book
© 2023 Central Library, National University of Sciences and Technology. All Rights Reserved.